The insider : (Record no. 5899)
[ view plain ]
| 000 -LEADER | |
|---|---|
| fixed length control field | 02034cam a22002774a 4500 |
| 005 - DATE AND TIME OF LATEST TRANSACTION | |
| control field | 20180724075115.0 |
| 008 - FIXED-LENGTH DATA ELEMENTS--GENERAL INFORMATION | |
| fixed length control field | 020906s2003 cou b 000 0 eng |
| 020 ## - IDENTIFIER FOR THE MANIFESTATION | |
| Identifier for the Manifestation | 1576833380 |
| Binding | paperback |
| 040 ## - CATALOGING SOURCE | |
| Transcribing Agency | APEC Schools Library |
| Language of Cataloging | eng |
| Description Conventions | rda |
| 082 00 - DEWEY DECIMAL CLASSIFICATION NUMBER | |
| Classification number | C 248.5 |
| Author's Number | P442l 2003 |
| 100 1# - CREATOR | |
| Preferred Name of the Person | Petersen, Jim. |
| 245 14 - TITLE AND STATEMENT OF RESPONSIBILITY | |
| Preferred Title Proper | The insider : |
| Remainder of Title | bringing the kingdom of God into your everyday world / |
| Statement of Responsibility/Parallel Statement of Responsibility | Jim Petersen and Mike Shamy. |
| 264 ## - PUBLICATION STATEMENT | |
| Place of publication, distribution, etc | Colorado Springs, CO : |
| Publisher's Name/Parallel Publisher's Name | NavPress, |
| Copyright | ©2003. |
| Date of Publication | [2003]. |
| 300 ## - PHYSICAL DESCRIPTION | |
| Extent | 237 pages ; |
| Dimensions | 23 cm |
| 336 ## - RDA CONTENT | |
| Source | rdacontent |
| Content Type | text |
| 337 ## - RDA MEDIA | |
| Source | rdamedia |
| Media Type | unmediated |
| 338 ## - RDA CARRIER | |
| Source | rdacarrier |
| Carrier Type | volume |
| 504 ## - BIBLIOGRAPHY, ETC. NOTE | |
| Bibliography, etc | Includes bibliographical references. |
| 505 0# - CONTENTS | |
| Related Work = Contents | 1. God's eternal purposes and the insider -- 2. The call to the Kingdom of God -- 3. A vision for spiritual generations -- 4. The insider -- 5. The insider's role in missions -- 6. Insiders and their churches -- 7. From fear to freedom -- 8. From isolation to freedom -- 9. But how will I find the time? -- 10. Our personal inadequacies -- 11. The first life pattern of an insider : taking little initiatives -- 12. The second life pattern of an insider : praying and responding -- 13. The third life pattern of an insider : serving others -- 14. The fourth life pattern of an insider : conversing the faith -- 15. The fifth life pattern of an insider : partnering -- 16. The sixth life pattern of an insider : exploring the Bible -- 17. The seventh life pattern of an insider : midwifing the new birth -- 18. Life as an insider -- 19. Help these people! |
| 520 ## - SUMMARIZATION OF THE CONTENT | |
| Summarization of the Content | " You have an important role to play. Do you feel burnout or disillusionment from your evangelism experiences? Are you desperately searching for where you fit into God's kingdom purposes? If the answer is yes, now is the time to read The Insider. By showing you how to live as a citizen of God's kingdom inside your everyday relational networks -- home, work, school, community -- the book will challenge your old ways of thinking and help you participate with God in what he is doing today. The Insider Workbook will help you apply the teachings of The Insider and see the people in your world in a new perspective. Learn to identify practical ways to meet needs that no one else can meet. Evangelism is not an activity of the spiritual elite -- it's for everyone. With these hands-on exercises, you'll begin to form new thoughts, habits, and confidence when sharing Christ with those in your everyday circle. - Back cover."-- |
| 650 #0 - ADDED SUBJECT ACCESS POINT - TOPICAL TERM | |
| Topical Term | Christian life. |
| 650 #0 - ADDED SUBJECT ACCESS POINT - TOPICAL TERM | |
| Topical Term | Witness bearing (Christianity). |
| 856 42 - ELECTRONIC LOCATION AND ACCESS | |
| Materials specified | Publisher description |
| Uniform Resource Identifier | http://www.loc.gov/catdir/enhancements/fy0908/2002014554-d.html |
| 856 42 - ELECTRONIC LOCATION AND ACCESS | |
| Materials specified | Contributor biographical information |
| Uniform Resource Identifier | http://www.loc.gov/catdir/enhancements/fy1203/2002014554-b.html |
| 942 ## - ADDED ENTRY ELEMENTS (KOHA) | |
| Source of Classification | |
| Koha Item Type | Books |
| Library | Site Location | Shelving Location | Source of Acquisition | Full Classification Number | Accession Number | Koha Item Type |
|---|---|---|---|---|---|---|
| APEC Las Piñas Library | APEC Las Piñas Library | Circulation | Institutional Fund | C 248.5 P442l 2003 | C01-0000044 | Non Fiction |
| APEC Concepcion Dos Library | APEC Marikina Heights Library | Circulation | Institutional Fund | C 248.5 P442l 2003 | C02-0000044 | Non Fiction |
| APEC Muntinlupa Library | APEC Muntinlupa Library | Circulation | Institutional Fund | C 248.5 P442l 2003 | B01-0000030 | Non Fiction |
| APEC New Manila Library | APEC New Manila Library | Circulation | Institutional Fund | C 248.5 P442l 2003 | C03-0000034 | Non Fiction |
